000 00524nam a2200205Ia 4500
003 OSt
005 20221007112311.0
006 a|||||r|||| 00| 0
007 ta
008 221006b |||||||| |||| 00| 0 eng d
024 _a26,191
037 _cBound Volume
040 _aLCO
_cLCO
_beng
041 _2eng
_aeng
245 0 _aINCOME TAX REPORTS
260 _aNagput
_bCompany law institute of india pvt.ltd India
_c1972
490 _v142 -1983
942 _cCR
999 _c1195754
_d1195754